Indian economy (Record no. 9464)

MARC details
000 -LEADER
fixed length control field 00533cam a2200217ua 4500
001 - CONTROL NUMBER
control field 10489
005 - DATE AND TIME OF LATEST TRANSACTION
control field 20260515114629.0
008 - FIXED-LENGTH DATA ELEMENTS--GENERAL INFORMATION
fixed length control field 190308n ii |||gr||||Z||||||eng
020 ## - INTERNATIONAL STANDARD BOOK NUMBER
International Standard Book Number 9789352991730
040 ## - CATALOGING SOURCE
Transcribing agency MAIN
041 ## - LANGUAGE CODE
Language code of text/sound track or separate title eng
082 ## - DEWEY DECIMAL CLASSIFICATION NUMBER
Classification number 330.954
100 ## - MAIN ENTRY--PERSONAL NAME
Personal name V K Puri,
Relator term Author.,
245 ## - TITLE STATEMENT
Title Indian economy
Remainder of title its development experience
250 ## - EDITION STATEMENT
Edition statement 36th rev. ed.
260 ## - PUBLICATION, DISTRIBUTION, ETC.
Place of publication, distribution, etc. Mumbai:
Name of publisher, distributor, etc. Himalaya publishing house,
Date of publication, distribution, etc. 2018.
300 ## - PHYSICAL DESCRIPTION
Extent 784p.
653 ## - INDEX TERM--UNCONTROLLED
Uncontrolled term Economics
700 ## - ADDED ENTRY--PERSONAL NAME
Personal name S K Misra,
Relator term Author.
942 ## - ADDED ENTRY ELEMENTS (KOHA)
Koha item type Books
Holdings
Withdrawn status Lost status Damaged status Not for loan Home library Current library Shelving location Date acquired Total checkouts Full call number Barcode Date last seen Date last checked out Copy number Price effective from Koha item type
        Naharkatiya College Library Naharkatiya College Library General stacks 09/19/2020 14 330.954Indian economy | PUR 26452 03/01/2025 02/14/2025 1 09/19/2020 Books
        Naharkatiya College Library Naharkatiya College Library General stacks 09/19/2020 13 330.954Indian economy | PUR 26453 05/24/2022 04/22/2022 2 09/19/2020 Books